LEADER 01089nam a2200265 i 4500 001 000000234313 003 CaOOAMICUS 005 20141013000000.0 008 141013s1907 it u000 u ita u 013 $a213216 040 $aSeMil$bita 100 1 $aContuzzi, Francesco Paolo.$0(OLS)http://semarc/name/80346 245 10$aDiritto costituzionale /$cper Francesco P. Contuzzi. 250 $a3. ed. interamente rinnovata. 260 $aMilano :$bUlrico Hoepli,$c1907. 300 $aXIX, 456, 64 p. ;$c16 cm. 490 0 $aManuali Hoepli ;$v188.-189 490 0 $aManuali Hoepli. Serie scientifica 650 4$aDiritto costituzionale.$0(OLS)http://semarc/subject/2526 830 0$aManuali Hoepli ;$v188.-189.$0(OLS)http://semarc/title/7639 830 0$aManuali Hoepli. Serie scientifica.$0(OLS)http://semarc/title/12258 850 $aSeMil 852 $aSeMil$W1$xVenegono$y1$m2ZB V 39 FA$j184659$B184659$CSeMilBibl$Z2$F195656 $8I 996 $6245$aDiritto costituzionale$9(OLS)http://semarc/title/286107 996 $6260$aMilano :$bUlrico Hoepli$9(OLS)http://semarc/publisher/29765 LEADER 01244nam a2200289 i 4500 001 000000041526 003 CaOOAMICUS 005 20071121000000.0 008 071121s1995 it u000 u ita u 013 $a12696 020 $a88-7916-058-3 040 $aSeMil$bita 100 1 $aRajna, Pio,$d<1847-1930>.$0(OLS)http://semarc/name/20442 245 10$aCarteggio (1878-1915) :$btra filologia romanza e mediolatina /$cPio Rajna, Francesco Novati ; a cura di Guido Lucchini. 260 $aMilano :$bLED,$c1995. 300 $a314 p. ;$c24 cm. 490 0 $aBiblioteca insubrica ;$v2 650 4$aFilologia romanza.$0(OLS)http://semarc/subject/8825 700 1 $aLucchini, Guido.$0(OLS)http://semarc/name/16509 700 1 $aNovati, Francesco <1859-1915>.$0(OLS)http://semarc/name/6746 830 0$aBiblioteca insubrica ;$v2.$0(OLS)http://semarc/title/24743 850 $aSeMil 852 $aSeMil$W1$xVenegono$y1$m1O IV 82$j7681$B7681$CSeMilBibl$Z2$F7681 $81 961 $aOmaggio: Donazione 996 $6020$a88-7916-058-3$9(OLS)http://semarc/number/12345 996 $6245$aCarteggio (1878-1915) :$btra filologia romanza e mediolatina$9(OLS)http://semarc/title/60200 996 $6260$aMilano :$bLED$9(OLS)http://semarc/publisher/34939